Romeo & Juliet Characters - Statistics

General Stats
  • This quiz has been taken 53 times
  • The average score is 8 of 10
Answer Stats
Description Character % Correct
Juliet's hot-tempered cousin who hates all Montagues Tybalt
96%
Romeo's witty friend who mocks romantic love and is related to the Prince Mercutio
91%
Juliet's talkative caretaker who raised her and provides comic relief Nurse
89%
the man Juliet's parents want her to marry Paris
87%
Romeo's cousin who tries to keep peace and avoid conflict Benvolio
85%
the holy man who agrees to marry Romeo and Juliet Friar Lawrence
81%
the woman Romeo loves at the beginning of the play (unrequited love) Rosaline
79%
Romeo's father who worries about his son's melancholy Lord Montague
72%
Juliet's father who arranges her marriage to another man Lord Capulet
68%
ruler of Verona who threatens death for further fighting Prince Escalus
43%
No matching quizzes found
Score Distribution
Percent of People with Each Score
Percentile by Number Answered
Your Score History
You have not taken this quiz